UBT Library

The standard deviants present Shakespeare tragedies: Origins and Style (Record no. 46740)

000 -LEADER
fixed length control field 00326nam a22001217a 4500
008 - FIXED-LENGTH DATA ELEMENTS--GENERAL INFORMATION
fixed length control field 180802b xxu||||| |||| 00| 0 eng d
082 ## - DEWEY DECIMAL CLASSIFICATION NUMBER
Classification number 813.52
245 ## - TITLE STATEMENT
Title The standard deviants present Shakespeare tragedies: Origins and Style
Remainder of title Era,E
260 ## - PUBLICATION, DISTRIBUTION, ETC. (IMPRINT)
Date of publication, distribution, etc 2000
300 ## - PHYSICAL DESCRIPTION
Extent 1
Type of unit Cassette
440 ## - SERIES STATEMENT/ADDED ENTRY--TITLE
International Standard Serial Number 18002389669
942 ## - ADDED ENTRY ELEMENTS (KOHA)
Source of classification or shelving scheme
Item type Mixed Materials
Holdings
Withdrawn status Lost status Source of classification or shelving scheme Damaged status Not for loan Collection code Permanent location Current location Shelving location Date acquired Total Checkouts Full call number Barcode Date last seen Price effective from Koha item type
          Koleksioni i përgjithshem UBT - Lipjan UBT - Lipjan Koleksioni i përgjithshem 08/02/2018   813.52 ERA 002-3010388 08/02/2018 08/02/2018 Mixed Materials
UBT Library © 2015-2024. All rights reserved University Education for Business and Technology